ბათუმის შოთა რუსთაველის სახელმწიფო უნივერსიტეტის ბიბლიოთეკა

ტარიელ გოლუა, გვადი ბიგვა (ბიბ.ჩანაწერი № 47803)

000 -LEADER
fixed length control field 00872nam a2200229Ia 4500
001 - CONTROL NUMBER
control field 14677
003 - CONTROL NUMBER IDENTIFIER
control field GE_BSU
008 - FIXED-LENGTH DATA ELEMENTS--GENERAL INFORMATION
fixed length control field 181216s||||||||xx |||||||||||||| ||und||
020 ## - INTERNATIONAL STANDARD BOOK NUMBER
International Standard Book Number 5511001023
040 ## - CATALOGING SOURCE
Transcribing agency GE_BSU
080 ## - UNIVERSAL DECIMAL CLASSIFICATION NUMBER
Universal Decimal Classification number 821.353.1-31+821.353.1-32
100 ## - MAIN ENTRY--PERSONAL NAME
Personal name ქიაჩელი,ლეო
245 ## - TITLE STATEMENT
Title ტარიელ გოლუა, გვადი ბიგვა
245 ## - TITLE STATEMENT
Statement of responsibility, etc. შეადგ. წინასიტყვ. და ბოლოთქმა დაურთო ტ. კვანჭილაშვილმა. რედ. თ. კიკაჩეიშვილი
260 ## - PUBLICATION, DISTRIBUTION, ETC.
Place of publication, distribution, etc. თბილისი
260 ## - PUBLICATION, DISTRIBUTION, ETC.
Name of publisher, distributor, etc. თბილისის უნ-ტის გამ-ბა
260 ## - PUBLICATION, DISTRIBUTION, ETC.
Date of publication, distribution, etc. 1989
300 ## - PHYSICAL DESCRIPTION
Extent 444გვ.20სმ.
653 ## - INDEX TERM--UNCONTROLLED
Uncontrolled term გვადი ბიგვა
653 ## - INDEX TERM--UNCONTROLLED
Uncontrolled term ტარიელ გოლუა
942 ## - ADDED ENTRY ELEMENTS (KOHA)
Koha item type წიგნი
ეგზემპლარები
Withdrawn status Lost status Damaged status Not for loan Date acquired Barcode Date last seen Price effective from Koha item type
        2018-12-17 37670 2018-12-17 2018-12-17 წიგნი
        2018-12-17 37671 2018-12-17 2018-12-17 წიგნი
        2018-12-17 37672 2018-12-17 2018-12-17 წიგნი
        2018-12-17 37673 2018-12-17 2018-12-17 წიგნი
        2018-12-17 37674 2018-12-17 2018-12-17 წიგნი
        2018-12-17 37675 2018-12-17 2018-12-17 წიგნი
        2018-12-17 38084 2018-12-17 2018-12-17 წიგნი
        2018-12-17 38085 2018-12-17 2018-12-17 წიგნი
        2018-12-17 38086 2018-12-17 2018-12-17 წიგნი